[Event "Leipzig VfB op 20th"]
[Site "Leipzig"]
[Date "2013.03.06"]
[Round "3"]
[White "Rensmann, Jochen"]
[Black "Haerig, Wolfram"]
[Result "1/2-1/2"]
[WhiteElo "1769"]
[BlackElo "1759"]
[PlyCount "94"]
[EventDate "2013.03.05"]
[EventType "swiss"]
[EventRounds "9"]
[EventCountry "GER"]
[SourceTitle "EXT 2014"]
[Source "ChessBase"]
[SourceDate "2013.11.20"]
[SourceVersion "1"]
[SourceVersionDate "2013.11.20"]
[SourceQuality "1"]

1. d4 d5 2. e4 e6 3. Nc3 Bb4 4. e5 c5 5. a3 Bxc3+ 6. bxc3 c4 7. Qg4 Kf8 8. Be2 Ne7 9. a4 Qa5 10. Qh3 Nbc6 11. Ba3 Ke8 12. Bxe7 Nxe7 13. Bg4 Bd7 14. Ne2 Bxa4 15. 0-0 Qb5 16. Rab1 Qa6 17. Rb2 Bd7 18. f4 b5 19. Bf3 Qc8 20. g4 a6 21. Qg2 g6 22. Ng3 Bc6 23. Qd2 a5 24. Rfb1 a4 25. Ra2 Kd7 26. Qc1 Qf8 27. Qa3 Ng8 28. Qxf8 Rxf8 29. f5 gxf5 30. gxf5 Ne7 31. f6 Ng6 32. Nh5 Nh4 33. Kf2 Rhg8 34. Ng7 Nf5 35. Rg1 Nh4 36. Bh5 Ng6 37. Ke3 Kc7 38. Raa1 Kb6 39. Rgb1 Ka5 40. Bg4 Bd7 41. Rb4 Nh4 42. Bh3 Nf5+ 43. Bxf5 exf5 44. Kf4 h6 45. Re1 Ra8 46. Ra1 Kb6 47. Ra3 Ka5 1/2-1/2

[Event "Muensterland Verbandsklasse-B 0910"]
[Site "Germany"]
[Date "2010.03.20"]
[Round "8.4"]
[White "Rensmann, Jochen"]
[Black "Luetkehermoelle, Martin"]
[Result "1-0"]
[WhiteElo "1778"]
[BlackElo "1926"]
[PlyCount "85"]
[EventDate "2009.09.19"]
[EventType "team-tourn"]
[EventRounds "9"]
[EventCountry "GER"]
[SourceTitle "EXT 2011"]
[Source "ChessBase"]
[SourceDate "2010.11.26"]
[SourceVersion "1"]
[SourceVersionDate "2010.11.26"]
[SourceQuality "1"]
[WhiteTeam "Stadtlohn"]
[BlackTeam "Ochtrup"]
[WhiteTeamCountry "GER"]
[BlackTeamCountry "GER"]

1. d4 Nf6 2. Nf3 e6 3. g3 b6 4. Bg2 Bb7 5. 0-0 Be7 6. c4 0-0 7. Nc3 Ne4 8. Nxe4 Bxe4 9. Nd2 Bxg2 10. Kxg2 d5 11. e3 dxc4 12. Qf3 Qd5 13. Nxc4 Rd8 14. b3 Qxf3+ 15. Kxf3 c5 16. Bb2 cxd4 17. exd4 Nc6 18. Rfd1 Rac8 19. Ne3 Bf6 20. Ke4 g6 21. Rac1 Bg7 22. Nc2 Rd7 23. Nb4 f5+ 24. Ke3 Rdc7 25. Nxc6 Rxc6 26. Rxc6 Rxc6 27. Rc1 Rxc1 28. Bxc1 Bh6+ 29. f4 Bf8 30. a4 a6 31. Kd3 b5 32. d5 bxa4 33. bxa4 Kf7 34. Kc4 exd5+ 35. Kxd5 Bb4 36. Be3 Be1 37. Bb6 Ke7 38. Kc6 Ke6 39. a5 h5 40. Kb7 Kd5 41. Kxa6 h4 42. gxh4 Ke4 43. Bc7 1-0

[Event "Muensterland Verbandsliga 0809"]
[Site "Germany"]
[Date "2009.04.25"]
[Round "9.8"]
[White "Rensmann, Jochen"]
[Black "Weskamp, Matthias"]
[Result "0-1"]
[WhiteElo "1693"]
[BlackElo "1757"]
[PlyCount "100"]
[EventDate "2008.09.20"]
[EventType "tourn"]
[EventRounds "9"]
[EventCountry "GER"]
[SourceTitle "EXT 2010"]
[Source "ChessBase"]
[SourceDate "2010.11.25"]
[SourceVersion "1"]
[SourceVersionDate "2010.11.25"]
[SourceQuality "1"]
[WhiteTeam "Stadtlohn"]
[BlackTeam "Westbevern"]
[WhiteTeamCountry "GER"]
[BlackTeamCountry "GER"]

1. d4 d5 2. e4 dxe4 3. Nc3 Bf5 4. f3 e3 5. Bxe3 e6 6. Bd3 Bxd3 7. Qxd3 c6 8. Nge2 Nf6 9. a3 Nbd7 10. g4 Nb6 11. 0-0-0 Nfd5 12. Bf2 h5 13. h4 Qc7 14. Ne4 Nf4 15. Nxf4 Qxf4+ 16. Qe3 Qxe3+ 17. Bxe3 Nd5 18. Bf2 0-0-0 19. g5 g6 20. Rhe1 Be7 21. Bg3 b6 22. c4 Nc7 23. Kc2 Ne8 24. Be5 Rf8 25. Nf6 Bxf6 26. gxf6 Nd6 27. Bxd6 Rxd6 28. b4 Rfd8 29. Kc3 c5 30. Re5 Rxd4 31. Rxd4 Rxd4 32. bxc5 Rxh4 33. cxb6 axb6 34. Kd3 Rf4 35. Ke3 Rxf6 36. Rb5 Kc7 37. c5 bxc5 38. Rxc5+ Kb6 39. Rc4 Kb5 40. Rb4+ Ka5 41. Rc4 Rf5 42. Rh4 f6 43. Rb4 e5 44. Rb8 Rf4 45. Ra8+ Kb5 46. Rb8+ Ka4 47. Ra8+ Kb3 48. Ra6 h4 49. a4 h3 50. Kf2 e4 0-1

[Event "Muensterland Verbandsklasse-B 0405"]
[Site "Muensterland"]
[Date "2004.11.27"]
[Round "4.6"]
[White "Hofmann, Robert"]
[Black "Rensmann, Jochen"]
[Result "1/2-1/2"]
[WhiteElo "1592"]
[BlackElo "1716"]
[PlyCount "115"]
[EventDate "2004.09.11"]
[EventType "team-tourn"]
[EventRounds "9"]
[EventCountry "GER"]
[SourceTitle "EXT 2006"]
[Source "ChessBase"]
[SourceDate "2005.11.24"]
[SourceVersion "1"]
[SourceVersionDate "2005.11.24"]
[SourceQuality "1"]
[WhiteTeam "Westbevern II"]
[BlackTeam "Stadtlohn"]
[WhiteTeamCountry "GER"]
[BlackTeamCountry "GER"]

1. e4 g6 2. d4 Bg7 3. Nc3 d6 4. Nf3 Nf6 5. Bc4 0-0 6. 0-0 Nbd7 7. Re1 e5 8. Bg5 h6 9. Bh4 c6 10. Bb3 Qc7 11. Qd2 Re8 12. Rad1 a6 13. a3 Nh5 14. dxe5 dxe5 15. Qd6 Qxd6 16. Rxd6 Nc5 17. Ba2 Be6 18. Bxe6 Nxe6 19. Red1 g5 20. g4 Nhf4 21. Bg3 Kf8 22. Ne1 Rab8 23. Na4 Ne2+ 24. Kf1 Nxg3+ 25. hxg3 b5 26. Nc3 Rbc8 27. b4 Red8 28. Rd7 Rxd7 29. Rxd7 Rc7 30. Rxc7 Nxc7 31. Nd3 Ne6 32. Nd1 f6 33. c3 Ke8 34. Ne3 Kd7 35. Nf5 Bf8 36. Ke2 Kc7 37. Ke3 Kb6 38. f4 exf4+ 39. gxf4 c5 40. fxg5 hxg5 41. Ne1 a5 42. Nc2 Nf4 43. Ng3 Ng6 44. Nh1 Ne5 45. Nf2 Bd6 46. Ke2 axb4 47. axb4 Nc4 48. Nd3 Kc6 49. bxc5 Bxc5 50. Ncb4+ Bxb4 51. Nxb4+ Kd6 52. Nd5 Ke5 53. Nc7 Nd6 54. Kf3 Nxe4 55. Nxb5 Nd2+ 56. Ke3 Nc4+ 57. Kf3 Nd2+ 58. Ke3 1/2-1/2